Lego Batman Characters Quiz Stats

 Plays Quiz Updated Jun 18, 2015

Challenge
Share
Tweet
Score 0/16 Timer 05:00
3 Plays Today
Location Character % Correct
1Batman
98.2%
2Robin
94.9%
6Joker
93.8%
12Catwoman
90.4%
10Two-Face
88.3%
9Riddler
87.9%
8Penguin
86.9%
16Poison Ivy
86.2%
Location Character % Correct
11Scarecrow
85.2%
14Bane
84.7%
4Alfred Pennyworth
83.9%
13Mr. Freeze
82.9%
7Harley Quinn
81.1%
5Commissioner Gordon
77.1%
15Killer Croc
65.9%
3Nightwing
65.4%

You're not logged in!

Compare scores with friends on all Sporcle quizzes.
OR
Log In

You Might Also Like...

Show Comments

Extras

Top Quizzes Today


Score Distribution

Your Account Isn't Verified!

In order to create a playlist on Sporcle, you need to verify the email address you used during registration. Go to your Sporcle Settings to finish the process.

Report this User

Report this user for behavior that violates our Community Guidelines.

Details: